Normal view MARC view

Entry Personal Name

Number of records used in: 2

001 - CONTROL NUMBER

  • control field: 29097

003 - CONTROL NUMBER IDENTIFIER

  • control field: dpl

005 - DATE AND TIME OF LATEST TRANSACTION

  • control field: 20110701124351.0

008 - FIXED-LENGTH DATA ELEMENTS

  • fixed length control field: 110701|||a|||||| | ||| d

040 ## - CATALOGING SOURCE

  • Original cataloging agency: dpl
  • Transcribing agency: dpl

100 ## - HEADING--PERSONAL NAME

  • Personal name: रणेन्द्र

670 ## - SOURCE DATA FOUND

  • Source citation: Work cat.: (dpl)52278: रणेन्द्र, ग्लोबल गाँव के देवता /, 2011

670 ## - SOURCE DATA FOUND

  • Source citation: Work cat.: (dpl)52278: रणेन्द्र, ग्लोबल गाँव के देवता /, 2011

© Delhi Public Library
Hit Counter
free hit counter